000 00827cam a2200133 4500500
005 20251012001045.0
041 _afre
042 _adc
100 1 0 _aDupeyrix, Alexandre
_eauthor
245 0 0 _aComprendre Habermas
260 _bArmand Colin,
_c2009.
520 _aJürgen Habermas (1929) est un philosophe et sociologue allemand, qui s’est fait connaître grâce à ses travaux sur l’espace public et sur la philosophie du langage.Ses théories les plus importantes sont discutées dans le monde entier.Il a combiné la tradition continentale et la philosophie nord-américaine.L’auteur nous offre ici une introduction complète à l’une des œuvres les plus débattues de la pensée contemporaine.
856 4 1 _uhttps://shs.cairn.info/comprendre-habermas--9782200355579?lang=fr&redirect-ssocas=7080
999 _c1512105
_d1512105